Saltar al contenido

Конституционно-правовые основы экологического права России и стран Латинской Америки учебное пособие по направлению подготовки 40.03.01 «юриспруденция»

Рассмотрены процессы формирования и изменения конституционно-правовых основ экологического права в России и странах Латинской Америки, дискуссионные вопросы отражения в доктрине конституционного права категорий экологического конституционализма, «зелёной демократии», «экологического федерализма», ус...

Descripción completa

Guardado en:
Detalles Bibliográficos
Autor principal: Тетерин А. В.
Formato: Книга
Lenguaje:Russian
Publicado: Архангельск САФУ 2021
Acceso en línea:https://e.lanbook.com/book/226925
https://e.lanbook.com/img/cover/book/226925.jpg
Etiquetas: Agregar Etiqueta
Sin Etiquetas, Sea el primero en etiquetar este registro!
LEADER 02338nam0a2200265 i 4500
001 226925
003 RuSpLAN
005 20221220174153.0
008 221220s2021 ru gs 000 0 rus
020 |a 978-5-261-01544-4 
040 |a RuSpLAN 
041 0 |a rus 
044 |a ru 
080 |a 342 
084 |a 67.400  |2 rubbk 
245 0 0 |a Конституционно-правовые основы экологического права России и стран Латинской Америки  |b учебное пособие по направлению подготовки 40.03.01 «юриспруденция»  |c Тетерин А. В. 
260 |a Архангельск  |b САФУ  |c 2021 
300 |a 135 с. 
504 |a Библиогр.: доступна в карточке книги, на сайте ЭБС Лань 
520 8 |a Рассмотрены процессы формирования и изменения конституционно-правовых основ экологического права в России и странах Латинской Америки, дискуссионные вопросы отражения в доктрине конституционного права категорий экологического конституционализма, «зелёной демократии», «экологического федерализма», устойчивого развития, права на благоприятную городскую среду. Приведены возможности и опыт общественного участия в формировании и реализации экологической политики. Адресовано научным сотрудникам, преподавателям, аспирантам, студентам, а также всем интересующимся проблемами конституционного и экологического права в России и за рубежом. 
521 8 |a Книга из коллекции САФУ - Право. Юридические науки 
100 1 |a Тетерин А. В. 
856 4 |u https://e.lanbook.com/book/226925 
856 4 8 |u https://e.lanbook.com/img/cover/book/226925.jpg 
953 |a https://e.lanbook.com/img/cover/book/226925.jpg